Score 0/75 Timer 10:00
0 Plays Today
Year Name % Correct
1895Charles
95%
1895Chas
95%
1925Charles
95%
1955Charles
95%
1985Charles
95%
2015Charles
95%
1895Charlie
89.8%
1895Charley
89.8%
1925Charlie
89.8%
1925Charley
89.8%
1925Charlie
89.8%
1955Charlie
89.8%
2015Charlie
89.8%
2015Charlie
89.8%
2015Charlee
89.8%
1895Chris
81.2%
1925Chris
81.2%
1955Chris
81.2%
2015Chris
81.2%
1895Christ
80.6%
1895Charlotte
78.7%
1925Charlotte
78.7%
1955Charlotte
78.7%
1985Charlotte
78.7%
2015Charlotte
78.7%
1955Christophe
73.2%
1895Christopher
72.8%
1925Christopher
72.8%
1955Christopher
72.8%
1985Christopher
72.8%
2015Christopher
72.8%
1895Christine
67.1%
1925Christine
67.1%
1925Christene
67.1%
1955Christine
67.1%
1985Christine
67.1%
1985Chad
65.7%
1895Christina
64.6%
Year Name % Correct
1925Christina
64.6%
1955Christina
64.6%
1985Christina
64.6%
2015Christina
64.6%
1895Christian
54.2%
1925Christian
54.2%
1955Christian
54.1%
1985Christian
54.1%
2015Christian
54.1%
1925Charlene
53%
1925Charline
53%
1955Charlene
53%
1985Charlene
53%
1895Chester
50.4%
1925Chester
50.4%
1955Chester
50.4%
1985Chase
49.6%
2015Chase
49.6%
1895Chloe
48%
2015Chloe
48%
1955Cheryl
46.4%
1985Cheryl
46.4%
1955Christy
44.3%
1985Christy
44.3%
1985Christie
44.3%
1985Chelsea
40.6%
1985Chelsey
40.6%
2015Chelsea
40.6%
1955Cheri
37.7%
1955Cherie
37.7%
2015Chance
36.7%
2015Chandler
36%
1895Charity
29.3%
1985Charity
29.3%
2015Cheyenne
24.4%
1895Chauncey
13.4%
1925Chauncey
13.4%
Remove Ads.
Support Sporcle.
Get the best of Sporcle when you Go Orange. This ad-free experience offers more features, more stats, and more fun while also helping to support Sporcle. Thank you for becoming a member.

You're not logged in!

Compare scores with friends on all Sporcle quizzes.
OR
Log In

Show Comments

Extras

Top Quizzes Today


Score Distribution

Your Account Isn't Verified!

In order to create a playlist on Sporcle, you need to verify the email address you used during registration. Go to your Sporcle Settings to finish the process.

Report this User

Report this user for behavior that violates our Community Guidelines.

Details: